000
nam a22 7a 4500
999
_c
45876
_d
45876
003
OSt
005
20190409103725.0
008
190409b xxu||||| |||| 00| 0 eng d
040
_c
IIMT UINVERSITY
100
_a
TAYLOR BILL
245
_a
RESEARCH METHODOLOGY
260
_a
NEW DELHI
_b
PHI
_c
2008
300
_a
227
942
_2
ddc
_c
01
_e
2008